00345nam a2200109Ia 4500008004100000082001300041100001300054245005200067942000600119952009500125999001500220240331s9999 xx 000 0 und d a301bJOS aJoseph,R 0aAmaippiyam, amaippiya vathankal mayl amaippiyam cL 001040708LaWERCLbWERCLcSSCd2024-03-31l0o 301 JOSp2614r2024-03-31w2024-03-31yL c1076d1076